书目信息 |
| 题名: |
古城、古镇与古村旅游开发经典案例
|
|
| 作者: | 邹统钎 主编 | |
| 分册: | ||
| 出版信息: | 北京 旅游教育出版社 |
|
| 页数: | ||
| 开本: | 26cm | |
| 丛书名: | ||
| 单 册: | ||
| 中图分类: | F592.3 | |
| 科图分类: | ||
| 主题词: | 旅游经济 | |
| 电子资源: | ||
| ISBN: | 7-5637-1300-X | |
| 000 | 00589nam0 2200193 450 | |
| 001 | 0660551584 | |
| 005 | 20061214165031.78 | |
| 010 | @a7-5637-1300-X@dCNY25.00 | |
| 100 | @a20061214d km y0chiy0120 ea | |
| 101 | 0 | @achi |
| 102 | @aCN@b110000 | |
| 200 | 1 | @a古城、古镇与古村旅游开发经典案例@Agu cheng、gu zhen yu gu cun lu you kai fa jing dian an li@f邹统钎主编@Fzou tong qian zhu bian |
| 210 | @a北京@c旅游教育出版社 | |
| 215 | @d26cm | |
| 606 | 0 | @a旅游经济 |
| 690 | @aF592.3@v3 | |
| 701 | 0 | @a邹统钎@Azou tong qian@4主编 |
| 801 | 0 | @aCN@bNISOFT@c20061214 |
| 905 | @a10447@dF592.3@eZ969 | |
| 古城、古镇与古村旅游开发经典案例/邹统钎主编.-北京:旅游教育出版社 |
| 26cm |
| ISBN 7-5637-1300-X:CNY25.00 |
| ● |
| 相关链接 |
|
|
|
正题名:古城、古镇与古村旅游开发经典案例
索取号:F592.3/Z969
 
预约/预借
| 序号 | 登录号 | 条形码 | 馆藏地/架位号 | 状态 | 备注 |
| 1 | 444360 | 204443600 | 管理学院资料室/ [索取号:F592.3/Z969] | 在馆 |